000 00572nam a22001937a 4500
003 MPLRDC
005 20220104191613.0
008 210129b ||||| |||| 00| 0 eng d
020 _a978-7-5391-6346-8
082 _a859.9 WDDY v.19
100 _a小熊工作室 文、姜境孝 图
245 _a加拿大寻宝记
_c张卡 译
250 _a一版五刷(重印)
260 _a中国
_b二十一世纪出版社
_c2012
300 _b
490 _a我的第一本历史探险漫画书: 寻宝记系列: 19
650 _a儿童文学
942 _cBK
_o859.9 WDDY v.19
999 _c64321
_d64311